Loading...
| LEADER | 00468nam a22001337a 4500 | ||
|---|---|---|---|
| 020 | |a 9788184970654 | ||
| 082 | |a 200 |b REL | ||
| 245 | |a Religions around the world: |b investigate the beliefs and faiths of people everywhere | ||
| 260 | |a Newdelhi: |b BPI, |c 2009. | ||
| 300 | |a 64p. | ||
| 650 | |a Religion |9 94765 | ||
| 942 | |c BK | ||
| 999 | |c 140241 |d 140241 | ||
| 952 | |0 0 |1 0 |4 0 |6 200_000000000000000_REL |7 0 |9 96790 |a SSUS |b SSUS |c STACKS |d 2018-12-21 |g 199.00 |o 200 REL |p 092652 |r 2018-12-21 |w 2018-12-21 |y BK | ||